000 00402pab a2200145 454500
008 180718b1984 xxu||||| |||| 00| 0 eng d
100 _aCarbonell - Catilo, Ma. Aurona
245 _aOperation land transfer
_bA policy appraisal
260 _c1984
300 _a25-95
362 _aJuly
650 _aLand Tenure - Philippines
773 _aPhilippine Journal of Public Administration
909 _a12150
999 _c12150
_d12150